Physics of solar cosmic rays (Record no. 4820)

MARC details
000 -LEADER
fixed length control field 00563nam a2200193Ia 4500
003 - CONTROL NUMBER IDENTIFIER
control field IN-BaIIA
008 - FIXED-LENGTH DATA ELEMENTS--GENERAL INFORMATION
fixed length control field 211028s9999 xx 000 0 eng d
020 ## - INTERNATIONAL STANDARD BOOK NUMBER
International Standard Book Number 0-86008-105-2
040 ## - CATALOGING SOURCE
Transcribing agency IIA Library
080 ## - UNIVERSAL DECIMAL CLASSIFICATION NUMBER
Universal Decimal Classification number 524.1:523.9
Item number SAK
100 ## - MAIN ENTRY--PERSONAL NAME
Personal name Sakurai, Kunitomo
9 (RLIN) 8580
245 #0 - TITLE STATEMENT
Title Physics of solar cosmic rays
Statement of responsibility, etc. Kunitomo Sakurai
260 ## - PUBLICATION, DISTRIBUTION, ETC.
Place of publication, distribution, etc. Tokyo
Name of publisher, distributor, etc. University of Tokyo Press
Date of publication, distribution, etc. 1974
300 ## - PHYSICAL DESCRIPTION
Extent xiv, 428p.
650 ## - SUBJECT ADDED ENTRY--TOPICAL TERM
Topical term or geographic name entry element  Cosmic rays 
9 (RLIN) 8581
650 ## - SUBJECT ADDED ENTRY--TOPICAL TERM
Topical term or geographic name entry element  Solar cosmic rays
9 (RLIN) 8582
650 ## - SUBJECT ADDED ENTRY--TOPICAL TERM
Topical term or geographic name entry element Astronomy and astrophysics thesaurus 
9 (RLIN) 1143
942 ## - ADDED ENTRY ELEMENTS (KOHA)
Koha item type Books
952 ## - LOCATION AND ITEM INFORMATION (KOHA)
-- 39.50
Holdings
Withdrawn status Lost status Damaged status Not for loan Home library Current library Shelving location Date acquired Total Checkouts Full call number Barcode Date last seen Price effective from Koha item type
        IIA Library-Bangalore IIA Library-Bangalore General Stacks 15/03/1976   524.1:523.9/ SAK 5395 05/11/2021 15/03/1976 Books

Powered by Koha